[Event "Tata Steel India Rapid w"]
[Site "Kolkata IND"]
[Date "2023.08.31"]
[Round "1.1"]
[White "Dronavalli, Harika"]
[Black "Divya, Deshmukh"]
[Result "0-1"]
[WhiteTitle "GM"]
[BlackTitle "WGM"]
[WhiteElo "2500"]
[BlackElo "2372"]
[WhiteFideId "5015197"]
[BlackFideId "35006916"]
[EventDate "2023.08.31"]

1. Nf3 d5 2. d4 Nf6 3. c4 e6 4. g3 Be7 5. Bg2 O-O 6. O-O dxc4 7. Qc2 b6 8. Bg5
Nd5 9. Bxe7 Qxe7 10. a3 b5 11. e4 Nb6 12. b3 cxb3 13. Qxb3 Bb7 14. Nc3 a6 15.
Rfe1 N8d7 16. d5 Rfe8 17. Rac1 Rac8 18. h4 c6 19. Rcd1 Nc4 20. a4 Nc5 21. Qb1 h6
22. Nd4 e5 23. Nxc6 Bxc6 24. dxc6 Nxa4 25. Nxa4 bxa4 26. Bh3 Rxc6 27. Bd7 Rb6
28. Qc2 Na3 29. Qxa4 Rd8 30. Bc6 Nb5 31. Rxd8+ Qxd8 32. Bxb5 axb5 33. Qb4 Kh7
34. Rb1 Qd3 35. Rb3 Qe2 36. Rb2 Qd1+ 37. Kg2 Qc1 38. Rb1 Qc6 39. Rd1 Rb8 40. Rd5
f6 41. Rd6 Qc7 42. Rd5 Qc6 43. Rd6 Qc7 44. Rd5 Qb7 45. h5 Qc6 46. Rd6 Qe8 47.
Rd5 Rb7 48. Rc5 Qe7 49. Kh2 Qd6 50. Kg2 Rb8 51. g4 Qd1 52. Kg3 Qg1+ 53. Kf3 Qd1+
54. Kg3 Rd8 55. Rc3 Qg1+ 56. Kf3 Qh1+ 57. Ke3 Rd4 0-1

[Event "Tata Steel India Rapid w"]
[Site "Kolkata IND"]
[Date "2023.08.31"]
[Round "1.2"]
[White "Batsiashvili, Nino"]
[Black "Shuvalova, Polina"]
[Result "1-0"]
[WhiteTitle "GM"]
[BlackTitle "IM"]
[WhiteElo "2474"]
[BlackElo "2496"]
[WhiteFideId "13602993"]
[BlackFideId "24171760"]
[EventDate "2023.08.31"]

1. d4 Nf6 2. c4 e6 3. Bf4 Bb4+ 4. Nd2 Nh5 5. Be3 f5 6. g3 O-O 7. Bg2 f4 8. gxf4
Nxf4 9. Bxf4 Rxf4 10. a3 Be7 11. e3 Rf8 12. Qc2 d5 13. Ngf3 Nc6 14. h4 h6 15.
O-O-O Bd7 16. Rdg1 Be8 17. Bh3 Rf6 18. Rh2 Qd6 19. c5 Qd7 20. Ne5 Nxe5 21. dxe5
Rf5 22. Bxf5 exf5 23. Rhg2 Bf8 24. Nb3 b6 25. Nd4 bxc5 26. e6 1-0

[Event "Tata Steel India Rapid w"]
[Site "Kolkata IND"]
[Date "2023.08.31"]
[Round "1.3"]
[White "Savitha, Shri B"]
[Black "Vantika, Agrawal"]
[Result "1/2-1/2"]
[WhiteTitle "WIM"]
[BlackTitle "WGM"]
[WhiteElo "2375"]
[BlackElo "2430"]
[WhiteFideId "35061887"]
[BlackFideId "25050389"]
[EventDate "2023.08.31"]

1. e4 c5 2. Nf3 d6 3. d4 cxd4 4. Nxd4 Nf6 5. Nc3 a6 6. Qd3 Nbd7 7. Be2 e6 8. O-O
b5 9. a3 Bb7 10. Bg5 Be7 11. Qe3 h6 12. Bh4 O-O 13. Rad1 Rc8 14. Bg3 Qb6 15. Bf3
Rfd8 16. Rfe1 Bf8 17. h3 Ne5 18. Bxe5 dxe5 19. Nb3 Qxe3 20. Rxe3 Rxd1+ 21. Bxd1
Nd7 22. Na5 Ba8 23. b4 Nb6 24. Rd3 Be7 25. f3 Kf8 26. g4 Ke8 27. Kg2 Nc4 28.
Nxc4 Rxc4 29. Nb1 Bg5 30. c3 Ke7 31. a4 Rc8 32. a5 g6 33. Bc2 f5 34. Rd1 Rf8 35.
Re1 Kf6 36. Rd1 Ke7 37. Re1 Bf4 38. Rd1 h5 39. Na3 Rc8 40. Nb1 Rf8 41. Na3 Rc8
42. Nb1 hxg4 43. hxg4 fxg4 44. fxg4 Bc6 45. Rh1 Kf6 46. Rh7 Kg5 47. Kf3 Rf8 48.
Ra7 Rh8 49. Rxa6 Rh3+ 50. Ke2 Rh2+ 51. Kd1 Rh1+ 52. Ke2 Rh2+ 53. Kd1 Rh1+ 54.
Ke2 Rh2+ 55. Kd1 Rh1+ 1/2-1/2

[Event "Tata Steel India Rapid w"]
[Site "Kolkata IND"]
[Date "2023.08.31"]
[Round "1.5"]
[White "Koneru, Humpy"]
[Black "Ju, Wenjun"]
[Result "1/2-1/2"]
[WhiteTitle "GM"]
[BlackTitle "GM"]
[WhiteElo "2553"]
[BlackElo "2568"]
[WhiteFideId "5008123"]
[BlackFideId "8603006"]
[EventDate "2023.08.31"]

1. d4 Nf6 2. c4 e6 3. Nf3 d5 4. Nc3 c5 5. cxd5 cxd4 6. Qxd4 exd5 7. Bg5 Be7 8.
e3 O-O 9. Be2 h6 10. Bh4 Nc6 11. Qd3 Qb6 12. O-O Rd8 13. Rfd1 Be6 14. Nb5 Rac8
15. Nbd4 Nxd4 16. Nxd4 g5 17. Bg3 Ne4 18. Be5 Bd7 19. h3 f6 20. Nf3 Bf5 21. Bd4
Qb4 22. Qb3 Qxb3 23. axb3 a6 24. Bb6 Rd6 25. Ba5 Bd8 26. Nd4 Bd7 27. Bxd8 Rxd8
28. Rac1 Rb6 29. Rc7 f5 30. Rdc1 Kf8 31. g4 fxg4 32. Bxg4 Nf6 33. Bxd7 Rxd7 34.
Rxd7 Nxd7 35. Rc8+ Ke7 36. Kf1 Kf6 37. Ke2 h5 38. Rh8 Kg6 39. Rg8+ Kf6 40. Rh8
Kg6 41. Rd8 Nf6 42. f3 Kf7 43. Kd3 Ke7 44. Rh8 Kf7 45. Kc3 Rd6 46. Rb8 Rd7 47.
Kb4 Kg6 48. Kc3 Re7 49. Kd2 Rf7 50. Ne6 Kf5 51. Nc5 Rc7 52. b4 a5 53. Rxb7 Rxb7
54. Nxb7 axb4 55. Na5 g4 56. hxg4+ hxg4 57. fxg4+ Nxg4 58. Kd3 Ke6 59. Kd4 Ne5
60. Nb7 Nf3+ 61. Kc5 Nd2 62. Kxb4 Nc4 63. b3 Nxe3 64. Kc5 Nc2 65. Na5 Ke5 66.
Nc6+ Ke4 67. b4 Nxb4 1/2-1/2

[Event "Tata Steel India Rapid w"]
[Site "Kolkata IND"]
[Date "2023.08.31"]
[Round "2.2"]
[White "Shuvalova, Polina"]
[Black "Savitha, Shri B"]
[Result "1-0"]
[WhiteTitle "IM"]
[BlackTitle "WIM"]
[WhiteElo "2496"]
[BlackElo "2375"]
[WhiteFideId "24171760"]
[BlackFideId "35061887"]
[EventDate "2023.08.31"]

1. e4 c5 2. Nf3 e6 3. c3 d5 4. exd5 Qxd5 5. d4 Nf6 6. Na3 Nc6 7. Nb5 Qd8 8. dxc5
Bxc5 9. Qxd8+ Kxd8 10. Bf4 Nd5 11. Bg3 a6 12. Nd6 Bxd6 13. Bxd6 Kd7 14. Bg3 Ke7
15. Be2 b5 16. O-O Bb7 17. Rfd1 Rhd8 18. Nd2 Nf6 19. Bf3 Rd7 20. Nb3 Nd8 21.
Rxd7+ Nxd7 22. Be2 Bd5 23. f3 Nb7 24. Nd2 Nbc5 25. c4 bxc4 26. Nxc4 a5 27. Rc1
Bxc4 28. Rxc4 a4 29. h4 f6 30. h5 e5 31. Be1 Ne6 32. Bb4+ Kd8 33. Bd3 h6 34. Rg4
Rb8 35. Ba3 Nf4 36. Bf5 Nxh5 37. g3 g5 38. Bg6 f5 39. Bxf5 Ndf6 40. Rxa4 Nxg3
41. Bd3 Nd5 42. Ra7 Rc8 43. Kf2 Nh1+ 44. Kg1 Rc1+ 45. Kh2 Nf2 46. Bf5 h5 47.
Ra8+ 1-0

[Event "Tata Steel India Rapid w"]
[Site "Kolkata IND"]
[Date "2023.08.31"]
[Round "2.3"]
[White "Divya, Deshmukh"]
[Black "Ju, Wenjun"]
[Result "1/2-1/2"]
[WhiteTitle "WGM"]
[BlackTitle "GM"]
[WhiteElo "2372"]
[BlackElo "2568"]
[WhiteFideId "35006916"]
[BlackFideId "8603006"]
[EventDate "2023.08.31"]

1. e4 e5 2. Nf3 Nc6 3. Nc3 Nf6 4. Bb5 Nd4 5. Bc4 Bc5 6. Nxe5 Qe7 7. Nf3 d5 8.
Bxd5 Bg4 9. d3 O-O-O 10. Be3 Nxd5 11. Nxd5 Rxd5 12. exd5 Re8 13. c3 Nxf3+ 14.
gxf3 Qh4 15. Kd2 Rxe3 16. fxe3 Qf2+ 17. Kc1 Bxe3+ 18. Kb1 Bxf3 19. Qe1 Bxh1 20.
Qxh1 Qe2 21. a4 Qxd3+ 22. Ka2 Qc4+ 23. Kb1 Qd3+ 24. Ka2 Qc4+ 25. Kb1 1/2-1/2

[Event "Tata Steel India Rapid w"]
[Site "Kolkata IND"]
[Date "2023.08.31"]
[Round "2.4"]
[White "Dronavalli, Harika"]
[Black "Batsiashvili, Nino"]
[Result "1/2-1/2"]
[WhiteTitle "GM"]
[BlackTitle "GM"]
[WhiteElo "2500"]
[BlackElo "2474"]
[WhiteFideId "5015197"]
[BlackFideId "13602993"]
[EventDate "2023.08.31"]

1. Nf3 c5 2. c4 Nf6 3. Nc3 e6 4. d4 cxd4 5. Nxd4 d5 6. cxd5 Nxd5 7. Bd2 Be7 8.
e3 O-O 9. Be2 e5 10. Nf3 Nc6 11. O-O Be6 12. Nxd5 Qxd5 13. Bc3 Qxd1 14. Rfxd1 f6
15. Nd2 Rfd8 16. Kf1 Kf7 17. Nb3 Rxd1+ 18. Rxd1 Nb4 19. Bxb4 Bxb4 20. Bf3 Rc8
21. Bd5 Rc2 22. a3 Bxd5 23. Rxd5 Rxb2 24. axb4 Rxb3 25. Rd7+ Kg6 26. Rxb7 a5 1/2-1/2

[Event "Tata Steel India Rapid w"]
[Site "Kolkata IND"]
[Date "2023.08.31"]
[Round "2.5"]
[White "Vantika, Agrawal"]
[Black "Ushenina, Anna"]
[Result "1-0"]
[WhiteTitle "WGM"]
[BlackTitle "GM"]
[WhiteElo "2430"]
[BlackElo "2434"]
[WhiteFideId "25050389"]
[BlackFideId "14110911"]
[EventDate "2023.08.31"]

1. d4 d5 2. c4 e6 3. Nf3 h6 4. g3 Nf6 5. Bg2 Bd6 6. O-O O-O 7. b3 b6 8. Bb2 Bb7
9. cxd5 exd5 10. Nc3 Nbd7 11. Rc1 a6 12. Nh4 Re8 13. Nf5 Nf8 14. e3 Ne6 15. Nxd6
cxd6 16. a4 Ng5 17. Ne2 Nge4 18. Nf4 b5 19. f3 Ng5 20. h4 Ngh7 21. Qd2 bxa4 22.
bxa4 a5 23. Ba3 Nf8 24. Rc3 g5 25. hxg5 hxg5 26. Nh3 g4 27. fxg4 Nxg4 28. Nf4
Qg5 29. Bf3 Nf6 30. Bxd6 Qxg3+ 31. Qg2 Qxg2+ 32. Kxg2 Ra6 33. Be5 N8d7 34. Rb1
Bc6 35. Be2 Ne4 36. Rcc1 Rea8 37. Bxa6 Rxa6 38. Bc7 Nd2 39. Rb5 Nc4 40. Rc3 Nf6
41. Rb8+ Kg7 42. Kf3 Ne4 43. Rc1 Ng5+ 44. Ke2 f6 45. Rh1 Bxa4 46. Rhh8 Nf7 47.
Rbg8# 1-0

[Event "Tata Steel India Rapid w"]
[Site "Kolkata IND"]
[Date "2023.08.31"]
[Round "3.1"]
[White "Koneru, Humpy"]
[Black "Vantika, Agrawal"]
[Result "0-1"]
[WhiteTitle "GM"]
[BlackTitle "WGM"]
[WhiteElo "2553"]
[BlackElo "2430"]
[WhiteFideId "5008123"]
[BlackFideId "25050389"]
[EventDate "2023.08.31"]

1. d4 Nf6 2. c4 e6 3. Nf3 d5 4. Nc3 Be7 5. cxd5 exd5 6. Bf4 c6 7. h3 Bf5 8. e3
h6 9. g4 Bh7 10. Bd3 Bxd3 11. Qxd3 a5 12. Ne5 Nbd7 13. Bg3 Nxe5 14. dxe5 Nd7 15.
Qc2 Nc5 16. Rd1 Qb6 17. O-O O-O 18. f4 f6 19. f5 fxe5 20. Bxe5 Nd7 21. Bd4 Qc7
22. e4 dxe4 23. Nxe4 Nf6 24. Qb3+ 0-1

[Event "Tata Steel India Rapid w"]
[Site "Kolkata IND"]
[Date "2023.08.31"]
[Round "3.3"]
[White "Savitha, Shri B"]
[Black "Dronavalli, Harika"]
[Result "1/2-1/2"]
[WhiteTitle "WIM"]
[BlackTitle "GM"]
[WhiteElo "2375"]
[BlackElo "2500"]
[WhiteFideId "35061887"]
[BlackFideId "5015197"]
[EventDate "2023.08.31"]

1. e4 e5 2. Nf3 Nc6 3. Bb5 a6 4. Ba4 Nf6 5. d3 d6 6. c3 Bd7 7. O-O g6 8. b4 Bg7
9. Bb3 O-O 10. a4 h6 11. Na3 Kh8 12. Nc4 Nh5 13. d4 Bg4 14. dxe5 Nxe5 15. Ncxe5
dxe5 16. h3 Qxd1 17. Rxd1 Bxf3 18. gxf3 Nf4 19. Rd7 Nxh3+ 20. Kg2 Nf4+ 21. Bxf4
exf4 22. Rxc7 Rac8 23. Rxb7 Rxc3 24. Bxf7 Rd8 25. Ra2 Be5 26. b5 a5 27. Bd5 Rb8
28. Re7 Bf6 29. Rf7 Be5 30. Rd2 Rc7 31. Rxc7 Bxc7 32. Rc2 Bb6 33. Rc6 Kg7 34.
Re6 Bd4 35. Rc6 h5 36. Be6 Rb6 37. Rc7+ Kh6 38. Bc8 Rd6 39. Bb7 Bb6 40. Rc2 Kg7
41. Bd5 g5 42. Kh3 Kf6 43. Rc8 Bxf2 44. Rf8+ Kg7 45. Rg8+ Kh6 46. Rh8+ Kg6 47.
Rg8+ Kh6 48. Rh8+ Kg6 49. Ra8 Bb6 50. Rg8+ Kh6 51. Rh8+ Kg6 52. Rg8+ Kh6 53.
Rh8+ Kg6 54. Rg8+ Kh6 55. Rh8+ Kg6 56. Rg8+ Kh6 1/2-1/2

[Event "Tata Steel India Rapid w"]
[Site "Kolkata IND"]
[Date "2023.08.31"]
[Round "3.4"]
[White "Batsiashvili, Nino"]
[Black "Divya, Deshmukh"]
[Result "0-1"]
[WhiteTitle "GM"]
[BlackTitle "WGM"]
[WhiteElo "2474"]
[BlackElo "2372"]
[WhiteFideId "13602993"]
[BlackFideId "35006916"]
[EventDate "2023.08.31"]

1. d4 d5 2. c4 e6 3. Nc3 Nf6 4. Bg5 Be7 5. e3 h6 6. Bh4 dxc4 7. Bxc4 c5 8. dxc5
O-O 9. Nf3 Qxd1+ 10. Rxd1 Bxc5 11. Ne5 Bb4 12. O-O b6 13. Nb5 a6 14. Nd6 b5 15.
Be2 g5 16. Bf3 Ra7 17. Bg3 Bxd6 18. Rxd6 Bb7 19. Rfd1 Bxf3 20. gxf3 Rc7 21. Ng4
Nxg4 22. fxg4 Rc2 23. Rb6 Nc6 24. Rxa6 Rc8 25. a3 Rxb2 26. Rc1 Ne7 27. Rxc8+
Nxc8 28. Ra8 Rc2 29. Rb8 f6 30. Rxb5 e5 31. a4 Nd6 32. Rb6 Ne4 33. a5 Ra2 34. a6
Kf7 35. Rc6 Ra5 36. h4 Nxg3 37. fxg3 gxh4 38. gxh4 Ra4 39. Rc7+ Kg6 40. h5+ Kg5
41. Rg7+ Kh4 42. a7 Kg3 43. Kf1 Kf3 44. Ke1 Kxe3 45. Kd1 e4 46. Kc2 Ke2 47. Kb3
Ra1 48. Kb4 e3 49. Kb5 Kf3 50. Kb6 e2 51. Re7 Kf2 52. g5 fxg5 53. Rf7+ Kg2 54.
Re7 Kf3 55. Kb7 g4 56. Rf7+ Kg2 57. Re7 Kf2 58. Rf7+ Ke3 59. Re7+ Kd2 60. Rd7+
Kc2 61. Re7 Kd3 62. Rd7+ Ke3 63. Re7+ Kf3 64. Rf7+ Kg2 65. Re7 Kf1 66. Rf7+ Ke1
67. Rf6 g3 68. Ra6 Rxa6 69. Kxa6 g2 70. a8=Q g1=Q 71. Qd5 Qe3 72. Qd6 Qg5 73.
Qg6 Kf1 74. Qf7+ Ke1 75. Qg6 Qe3 76. Qd6 Kf1 77. Qf8+ Qf2 78. Qxh6 e1=Q 79. Qc6
Qa2+ 80. Kb7 Qb4+ 81. Kc8 Qg8+ 82. Kd7 Qf7+ 83. Kc8 Qbf8+ 0-1

[Event "Tata Steel India Rapid w"]
[Site "Kolkata IND"]
[Date "2023.08.31"]
[Round "3.5"]
[White "Ushenina, Anna"]
[Black "Shuvalova, Polina"]
[Result "1/2-1/2"]
[WhiteTitle "GM"]
[BlackTitle "IM"]
[WhiteElo "2434"]
[BlackElo "2496"]
[WhiteFideId "14110911"]
[BlackFideId "24171760"]
[EventDate "2023.08.31"]

1. d4 Nf6 2. c4 e6 3. Nf3 d5 4. g3 Bb4+ 5. Bd2 Be7 6. Bg2 O-O 7. O-O Nbd7 8. a4
a5 9. Na3 c6 10. Qb3 Ne4 11. Be3 f5 12. Nc2 g5 13. Nce1 Bd6 14. Nd3 Qf6 15. Rad1
f4 16. Bc1 h5 17. Qc2 Rf7 18. b3 Rg7 19. Nfe5 Qf5 20. f3 Nef6 21. gxf4 gxf4 22.
Bxf4 h4 23. e4 dxe4 24. fxe4 Qh7 25. Nxd7 Bxd7 26. Bxd6 h3 27. Bg3 Ng4 28. Bf3
Ne3 29. Qe2 Nxd1 30. Qxd1 Rf8 31. Ne5 Be8 32. Qe2 Qh6 33. Kh1 Kh7 34. Ng4 Qg5
35. Nf2 Qh6 36. e5 Rgf7 37. Ng4 Rxf3 38. Rxf3 Qc1+ 39. Be1 Rxf3 40. Kg1 Rf5 41.
Nf6+ Kh8 42. Nxe8 Rg5+ 43. Kf1 Rf5+ 44. Kg1 Rg5+ 45. Kf1 Rf5+ 46. Kg1 Rg5+ 1/2-1/2

[Event "Tata Steel India Rapid w"]
[Site "Kolkata IND"]
[Date "2023.09.01"]
[Round "4.2"]
[White "Vantika, Agrawal"]
[Black "Ju, Wenjun"]
[Result "0-1"]
[WhiteTitle "WGM"]
[BlackTitle "GM"]
[WhiteElo "2430"]
[BlackElo "2568"]
[WhiteFideId "25050389"]
[BlackFideId "8603006"]
[EventDate "2023.08.31"]

1. d4 Nf6 2. c4 e6 3. Nf3 d5 4. g3 Bb4+ 5. Bd2 a5 6. Bg2 O-O 7. Qc1 Be7 8. O-O
c6 9. Rd1 Nbd7 10. Bf4 a4 11. a3 h6 12. Qc2 Qa5 13. Nc3 dxc4 14. e4 b5 15. d5
cxd5 16. exd5 exd5 17. Nd4 Bb7 18. Nf5 Rfe8 19. Bd6 Bf8 20. Bxf8 Rxf8 21. Nxd5
Nxd5 22. Bxd5 Bxd5 23. Rxd5 Nf6 24. Rd6 Ra6 25. Rad1 Rxd6 26. Nxd6 Rd8 27. Qe2
Qa6 28. Nf5 Rxd1+ 29. Qxd1 Qe6 30. Qd8+ Kh7 31. Ne3 Ne4 32. Qd4 Ng5 33. Qc5 Qd7
34. Qd5 Qxd5 35. Nxd5 Ne6 36. Nc3 Nc7 37. f4 Kg6 38. Kf2 Kf5 39. Kf3 Ke6 40. g4
Kd6 41. Ke4 Kc5 42. Ke5 Ne8 43. Ne4+ Kc6 44. f5 Nf6 45. Nxf6 gxf6+ 46. Kxf6 b4
47. Kxf7 bxa3 48. bxa3 c3 49. f6 c2 50. Kg7 c1=Q 0-1

[Event "Tata Steel India Rapid w"]
[Site "Kolkata IND"]
[Date "2023.09.01"]
[Round "4.3"]
[White "Batsiashvili, Nino"]
[Black "Savitha, Shri B"]
[Result "0-1"]
[WhiteTitle "GM"]
[BlackTitle "WIM"]
[WhiteElo "2474"]
[BlackElo "2375"]
[WhiteFideId "13602993"]
[BlackFideId "35061887"]
[EventDate "2023.08.31"]

1. d4 Nf6 2. c4 g6 3. Nc3 Bg7 4. e4 d6 5. Be2 O-O 6. h4 c5 7. d5 h5 8. Bg5 Nbd7
9. Nh3 Ne5 10. Qd2 a6 11. a4 Qa5 12. f3 Qb4 13. Nd1 a5 14. Nhf2 Bd7 15. Qxb4
axb4 16. b3 Rfe8 17. Rc1 Nh7 18. Bd2 f5 19. exf5 Bxf5 20. Ne3 Bd7 21. f4 Nf7 22.
O-O Bd4 23. Bf3 Nh6 24. Nc2 Nf5 25. Nxd4 Nxd4 26. Bd1 Nf5 27. Bc2 Nxh4 28. Ne4
Nf5 29. Rce1 Nd4 30. Bd1 Bf5 31. Ng3 Bd7 32. Bc1 Nf6 33. Bb2 Nf5 34. Nh1 Kf7 35.
Rf3 e6 36. dxe6+ Rxe6 37. Rxe6 Bxe6 38. Nf2 d5 39. cxd5 Bxd5 40. Rd3 Bc6 41. Nh3
Nh7 42. Be5 Ke6 43. Bc2 Be4 44. Rd2 Bxc2 45. Rxc2 b6 46. Re2 Kd5 47. Rd2+ Kc6
48. Nf2 Nf8 49. Nd3 Ne6 50. Rc2 Kb7 51. Kf2 Rd8 52. Rd2 Ned4 53. Nb2 Kc6 54. Rd3
b5 55. axb5+ Kxb5 56. Nc4 Ra8 57. Bxd4 Nxd4 58. Nd6+ Kc6 59. Nf7 Ra2+ 60. Kg3
Kd5 61. Ne5 g5 62. Ng6 Ke4 63. Rxd4+ cxd4 64. fxg5 Kf5 65. Nf4 Rb2 66. g6 Rxb3+
67. Kh4 Kxf4 68. g4 hxg4 0-1

[Event "Tata Steel India Rapid w"]
[Site "Kolkata IND"]
[Date "2023.09.01"]
[Round "4.4"]
[White "Dronavalli, Harika"]
[Black "Ushenina, Anna"]
[Result "1/2-1/2"]
[WhiteTitle "GM"]
[BlackTitle "GM"]
[WhiteElo "2500"]
[BlackElo "2434"]
[WhiteFideId "5015197"]
[BlackFideId "14110911"]
[EventDate "2023.08.31"]

1. c4 e6 2. Nf3 d5 3. g3 Nf6 4. Bg2 Be7 5. O-O O-O 6. Ne5 Nbd7 7. d4 c6 8. Nxd7
Bxd7 9. Qb3 Qb6 10. Rd1 dxc4 11. Qxc4 c5 12. Qb3 Qxb3 13. axb3 cxd4 14. Rxd4
Rac8 15. Nc3 Bc6 16. Bg5 a6 17. Ne4 Nxe4 18. Bxe7 Rfe8 19. Ba3 Nc5 20. Bxc5 Bxg2
21. b4 Bc6 22. Bb6 e5 23. Rd2 f6 24. f3 Kf7 25. e4 Re7 26. Bc5 Rd7 27. Rxd7+
Bxd7 28. Rd1 Bc6 29. Kf2 Rc7 30. Rd8 Rd7 31. Rxd7+ Bxd7 32. f4 exf4 33. gxf4 f5
34. e5 1/2-1/2

[Event "Tata Steel India Rapid w"]
[Site "Kolkata IND"]
[Date "2023.09.01"]
[Round "4.5"]
[White "Shuvalova, Polina"]
[Black "Koneru, Humpy"]
[Result "1-0"]
[WhiteTitle "IM"]
[BlackTitle "GM"]
[WhiteElo "2496"]
[BlackElo "2553"]
[WhiteFideId "24171760"]
[BlackFideId "5008123"]
[EventDate "2023.08.31"]

1. e4 e5 2. Nc3 Nf6 3. d4 exd4 4. Qxd4 Nc6 5. Qd3 Bb4 6. Bd2 O-O 7. O-O-O Re8 8.
Nge2 d6 9. Bg5 h6 10. Bxf6 Qxf6 11. Nd5 Qd8 12. Nxb4 Nxb4 13. Qd2 Na6 14. f3 Nc5
15. Nf4 Ne6 16. Nd5 Bd7 17. h4 Bc6 18. Ne3 Qf6 19. Bc4 Qf4 20. Rdf1 b5 21. Bd5
Bxd5 22. Nxd5 Qxd2+ 23. Kxd2 c6 24. Ne3 Rad8 25. Rd1 d5 26. exd5 cxd5 27. Rhe1
d4 28. Ng4 Nf4 29. g3 Nh5 30. Ne5 Nxg3 31. Nc6 Rxe1 32. Rxe1 Rd7 33. Re8+ Kh7
34. Ra8 Nf5 35. h5 Rc7 36. Nxa7 Ne3 37. Nxb5 Rxc2+ 38. Kd3 Rxb2 39. Nd6 g6 40.
Nxf7 gxh5 41. Kxd4 Re2 42. Kd3 Re1 43. Re8 Ng2 44. Rxe1 Nxe1+ 45. Ke2 Nc2 46. a4
Nb4 47. a5 Kg6 48. Ne5+ Kf5 49. Nd3 Na6 50. Kf2 Ke6 51. Kg3 Kd5 52. f4 Ke4 53.
Nf2+ Kf5 54. Nh3 Nc7 55. Kh4 Kg6 56. Ng1 Kf5 57. Ne2 Kg6 58. Ng3 Nb5 59. a6 Na7
60. f5+ Kf6 61. Kxh5 Nc6 62. Kxh6 Na7 63. Kh5 Nc6 64. Kg4 Ke5 65. Kg5 Kd6 66. f6
Kc7 67. Ne4 Kb6 68. Nc5 Ne5 69. Kf5 Nc4 70. Ke4 1-0

[Event "Tata Steel India Rapid w"]
[Site "Kolkata IND"]
[Date "2023.09.01"]
[Round "5.1"]
[White "Ushenina, Anna"]
[Black "Batsiashvili, Nino"]
[Result "1-0"]
[WhiteTitle "GM"]
[BlackTitle "GM"]
[WhiteElo "2434"]
[BlackElo "2474"]
[WhiteFideId "14110911"]
[BlackFideId "13602993"]
[EventDate "2023.08.31"]

1. d4 d5 2. c4 e6 3. Nf3 Nf6 4. g3 Be7 5. Bg2 O-O 6. O-O a5 7. Qc2 Nc6 8. Nbd2
b6 9. cxd5 Nb4 10. Qb1 exd5 11. Ne5 Bb7 12. a3 Na6 13. Rd1 c5 14. dxc5 bxc5 15.
Qc2 Qb6 16. Nf1 Qe6 17. Nd3 Rfd8 18. Ne3 Bf8 19. Nf4 Qe5 20. Bd2 Qc7 21. Be1 d4
22. Bxb7 Qxb7 23. Nc4 g5 24. Nxa5 Qd7 25. Nd3 Qh3 26. f3 Nd5 27. Nc4 Nac7 28.
Nf2 Qe6 29. Qe4 Qa6 30. Rac1 Re8 31. Qf5 Rxe2 32. Qxg5+ Bg7 33. Ne4 h6 34. Qf5
Qe6 35. Qxe6 Nxe6 36. Bf2 Rb8 37. Kf1 Rexb2 38. Nxb2 Rxb2 39. Nxc5 Nxc5 40. Rxc5
Ne3+ 41. Bxe3 dxe3 42. Re1 Rf2+ 43. Kg1 Rxf3 44. Rd5 f5 45. Re2 f4 46. Kg2 Rf2+
47. Rxf2 exf2 48. Kxf2 fxg3+ 49. hxg3 1-0

[Event "Tata Steel India Rapid w"]
[Site "Kolkata IND"]
[Date "2023.09.01"]
[Round "5.2"]
[White "Ju, Wenjun"]
[Black "Shuvalova, Polina"]
[Result "1/2-1/2"]
[WhiteTitle "GM"]
[BlackTitle "IM"]
[WhiteElo "2568"]
[BlackElo "2496"]
[WhiteFideId "8603006"]
[BlackFideId "24171760"]
[EventDate "2023.08.31"]

1. Nf3 d5 2. g3 g6 3. Bg2 Bg7 4. d4 Nf6 5. c4 c6 6. O-O O-O 7. Nbd2 Bf5 8. b3
Nbd7 9. Bb2 b5 10. Nh4 bxc4 11. Nxf5 gxf5 12. bxc4 Qa5 13. Qc2 e6 14. e3 Rab8
15. Rfb1 Rfc8 16. Bc3 Qc7 17. Rxb8 Rxb8 18. Rb1 Ne4 19. Nxe4 Rxb1+ 20. Qxb1 fxe4
21. Qb3 Qb6 22. Bf1 Qxb3 23. axb3 Nc5 24. b4 Na4 25. Bd2 dxc4 26. Bxc4 Nb6 27.
Ba6 Bf8 28. Bb7 Nd5 29. Bxc6 Bxb4 30. Bxd5 Bxd2 31. Bxe4 a5 32. Bc2 h6 33. Kf1
Kg7 34. Ke2 Bb4 35. Bb3 Bc3 36. Kd3 Be1 37. f4 Kf6 38. g4 Kg6 39. e4 Kf6 40. e5+
Ke7 41. Ke4 f6 42. h3 Bf2 43. Ba4 Be1 44. Ke3 Bg3 45. Kf3 Be1 46. Bb3 Bc3 47.
Ke4 Be1 48. f5 exf5+ 49. gxf5 Bh4 50. Kd5 Bf2 51. Bc2 Bg1 52. Kc4 Bh2 53. Kd5
Bg1 54. e6 h5 55. Kc4 h4 56. d5 Bh2 57. Kb5 Bc7 58. Kc6 Bd6 59. Bb3 Bb4 60. Kb6
Kd6 61. Kb7 Ke7 62. Ba4 Bd6 63. Kb6 Bb4 64. Kb7 Bd6 65. Kc6 1/2-1/2

[Event "Tata Steel India Rapid w"]
[Site "Kolkata IND"]
[Date "2023.09.01"]
[Round "5.3"]
[White "Savitha, Shri B"]
[Black "Divya, Deshmukh"]
[Result "0-1"]
[WhiteTitle "WIM"]
[BlackTitle "WGM"]
[WhiteElo "2375"]
[BlackElo "2372"]
[WhiteFideId "35061887"]
[BlackFideId "35006916"]
[EventDate "2023.08.31"]

1. e4 c6 2. d4 d5 3. Nc3 dxe4 4. Nxe4 Nf6 5. Nxf6+ exf6 6. c3 Bd6 7. Bd3 O-O 8.
Qc2 Re8+ 9. Ne2 h5 10. Be3 Nd7 11. O-O-O b5 12. d5 c5 13. Bxb5 Rb8 14. Ba4 Re5
15. Nf4 Nb6 16. Bb5 c4 17. Bc6 Bf5 18. Qd2 Nc8 19. g4 hxg4 20. a4 a6 21. b4 cxb3
22. Kb2 Nb6 23. Bxb6 Qxb6 24. Nd3 Bxd3 25. Qxd3 Qxf2+ 26. Rd2 Qc5 27. Ra1 Re3
28. Qd4 Qxd4 29. cxd4 Bb4 30. Rad1 Bc3+ 31. Kb1 Bxd2 32. Rxd2 b2 33. Rxb2 Rxb2+
34. Kxb2 Kf8 35. d6 Rd3 36. d5 Rh3 0-1

[Event "Tata Steel India Rapid w"]
[Site "Kolkata IND"]
[Date "2023.09.01"]
[Round "5.5"]
[White "Koneru, Humpy"]
[Black "Dronavalli, Harika"]
[Result "1/2-1/2"]
[WhiteTitle "GM"]
[BlackTitle "GM"]
[WhiteElo "2553"]
[BlackElo "2500"]
[WhiteFideId "5008123"]
[BlackFideId "5015197"]
[EventDate "2023.08.31"]

1. d4 d5 2. c4 e6 3. Nf3 Nf6 4. Nc3 Nbd7 5. cxd5 exd5 6. Bg5 c6 7. e3 h6 8. Bh4
Be7 9. Bd3 O-O 10. Qc2 Re8 11. O-O Ne4 12. Bxe4 Bxh4 13. Bh7+ Kh8 14. Bf5 Bf6
15. e4 dxe4 16. Nxe4 Nf8 17. Bxc8 Rxc8 18. Rad1 Ne6 19. Nxf6 Qxf6 20. Qb3 Rc7
21. d5 cxd5 22. Rxd5 Rce7 23. g3 b6 24. Rc1 Nc5 25. Qc3 Qxc3 26. Rxc3 Re2 27.
Rd2 Rxd2 28. Nxd2 Re2 29. Nc4 Na4 30. Ra3 Nxb2 31. Nxb2 Rxb2 32. Rxa7 Kg8 1/2-1/2

[Event "Tata Steel India Rapid w"]
[Site "Kolkata IND"]
[Date "2023.09.01"]
[Round "6.1"]
[White "Batsiashvili, Nino"]
[Black "Koneru, Humpy"]
[Result "0-1"]
[WhiteTitle "GM"]
[BlackTitle "GM"]
[WhiteElo "2474"]
[BlackElo "2553"]
[WhiteFideId "13602993"]
[BlackFideId "5008123"]
[EventDate "2023.08.31"]

1. d4 Nf6 2. c4 e6 3. Nc3 d5 4. Nf3 Nbd7 5. Bf4 dxc4 6. e3 b5 7. Nxb5 Bb4+ 8.
Nc3 Nd5 9. Qc2 Nxf4 10. exf4 Bb7 11. Be2 Qf6 12. Qa4 Bxc3+ 13. bxc3 c6 14. g3
O-O 15. O-O Rfd8 16. Rfb1 Nb6 17. Qc2 Rac8 18. Ng5 Qf5 19. Qxf5 exf5 20. a4 Ba6
21. Nf3 Nd5 22. Rc1 c5 23. Ne5 cxd4 24. cxd4 Rc7 25. Rab1 f6 26. Nf3 Rd6 27.
Rb8+ Kf7 28. Ne1 Ne7 29. Nc2 c3 30. Bf3 Bd3 31. a5 Be4 32. Bxe4 fxe4 33. Rb3 Nf5
34. g4 Nh4 35. Ne3 Nf3+ 36. Kg2 c2 37. d5 Ra6 38. Ra3 Rc5 39. Ra4 Raxa5 40. Rb4
Rab5 41. Rxe4 Rb1 42. Kxf3 Rxc1 43. d6 Rd1 44. Re7+ Kf8 45. Nxc2 Rxc2 46. Rxa7
Rxd6 0-1